AH International Schools' Libraries

(Khmer) Bobo prepares for school / (Record no. 49904)

MARC details
000 -LEADER
fixed length control field 00285nam a22000977a 4500
008 - FIXED-LENGTH DATA ELEMENTS--GENERAL INFORMATION
fixed length control field 251209b |||||||| |||| 00| 0 eng d
245 ## - TITLE STATEMENT
Title (Khmer) Bobo prepares for school /
Statement of responsibility, etc Hun Kimyan.
260 ## - PUBLICATION, DISTRIBUTION, ETC. (IMPRINT)
Place of publication, distribution, etc Cambodia:
Name of publisher, distributor, etc Let's Read;
Date of publication, distribution, etc 2020.
300 ## - PHYSICAL DESCRIPTION
Extent 8 p.
Other physical details col. ill.
Dimensions 30 cm.
942 ## - ADDED ENTRY ELEMENTS (KOHA)
Source of classification or shelving scheme
Item type Book
Holdings
Withdrawn status Lost status Source of classification or shelving scheme Damaged status Not for loan Collection code Home library Current library Date acquired Total Checkouts Full call number Barcode Date last seen Price effective from Koha item type
          Siem Riep Asian Hope Siem Reap Asian Hope Siem Reap 12/12/2025   KHMER E HUN 209670 12/12/2025 12/12/2025 Book

For any Logos Library related questions please contact Miss Art at swongnarasuk@asianhope.org.

For any Asian Hope Library related questions please contact Miss Raza at graza@asianhope.org.

Powered by Koha